|
|
|
|
| LEADER |
00000nab a2200000 a 4500 |
| 001 |
vtls011114685 |
| 003 |
SK-MaSNL |
| 005 |
20260303212427.0 |
| 008 |
230218|2009 xo |||||||||||||||||eng| |
| 015 |
|
|
|a SNBRB
|
| 035 |
|
|
|a (uuid)91b55040-2aee-4025-a156-65854472486e
|
| 035 |
|
|
|a (urnnbn)urn:nbn:sk:snk:ar-a08j5l
|
| 035 |
|
|
|a urn:nbn:sk:snk-ab9lff
|
| 040 |
|
|
|a SNKBUCL
|b slo
|c SNKBUCL
|e AACR2
|
| 041 |
0 |
|
|a eng
|
| 044 |
|
|
|a xo
|c SK
|
| 100 |
1 |
|
|a Novotný, F.
|4 aut
|9 534410
|
| 245 |
1 |
0 |
|a EVALUATION OF CHANGES IN METABOLIC HORMONES AND METABOLIC INDICES DURING PHYSIOLOGICAL AND PATHOLOGICAL COURSE OF PUERPERIUM IN LACTATING COWS
|c F. Novotný, J. Pošivák, I. Valocký, H. Morvayová, G. Lazar, B. Lešo, V. Hura, A. Valenčáková, V. Macák, G. Kováč
|
| 700 |
1 |
|
|a Pošivák, Ján,
|d 1955-
|4 aut
|9 206414
|
| 700 |
1 |
|
|a Valocký, Igor,
|d 1962-
|4 aut
|9 151587
|
| 700 |
1 |
|
|a Morvayová, Helena,
|d 1970-
|4 aut
|9 827737
|
| 700 |
1 |
|
|a Lazar, Gabriel,
|d 1958-
|4 aut
|9 216521
|
| 700 |
1 |
|
|a Lešo, B.
|4 aut
|9 1245170
|
| 700 |
1 |
|
|a Hura, Vladimír,
|d 1959-
|4 aut
|9 200382
|
| 700 |
1 |
|
|a Valenčáková, Alexandra,
|d 1967-
|4 aut
|9 181167
|
| 700 |
1 |
|
|a Macák, V.
|4 aut
|9 15737
|
| 700 |
1 |
|
|a Kováč, Gabriel,
|d 1947-
|4 aut
|9 196200
|
| 773 |
0 |
|
|t Folia veterinaria
|g Roč. 53, č. supplementum 1 (2009), s. 45-48
|
| 958 |
|
|
|a OND
|
| 958 |
|
|
|a EUIPO
|
| 958 |
|
|
|a article13
|
| 999 |
|
|
|c 2207328
|d 2209258
|